[Event "10th Linares it"]
[Site "Linares ESP"]
[Date "1992.??.??"]
[Round "9"]
[White "Ljubojevic, Ljubomir"]
[Black "Gelfand, Boris"]
[Result "1/2-1/2"]
[WhiteElo "2610"]
[BlackElo "2665"]
[EventDate "1992.02.??"]
[PlyCount "123"]

1.e4 c5 2.Nc3 d6 3.g3 Nc6 4.Bg2 g6 5.d3 Bg7 6.Be3 Rb8 7.Qd2 b5 8.f4 b4 9.
Nd1 e6 10.Nf3 Nd4 11.Nh4 Ne7 12.O-O f5 13.c3 bxc3 14.bxc3 Ndc6 15.exf5 
exf5 16.g4 O-O 17.gxf5 Bxf5 18.Nxf5 Rxf5 19.Qe2 Rf8 20.Bd2 Qd7 21.Ne3 d5 
22.Ng4 Rb2 23.Bh3 Nf5 24.Rfb1 Rfb8 25.Qe1 Qe7 26.Qc1 Rxb1 27.Rxb1 Re8 28.
Bg2 Qd7 29.Qd1 Nh4 30.Bh1 h5 31.Nf2 Kh8 32.Kf1 Ne7 33.Qb3 d4 34.cxd4 cxd4 
35.Qb5 Qxb5 36.Rxb5 Nef5 37.Ne4 Ne3+ 38.Ke2 Nhf5 39.Rb7 Nd5 40.Rxa7 Nc3+ 
41.Kf2 Rb8 42.Ng5 Rb2 43.Ra8+ Bf8 44.Rxf8+ Kg7 45.Ne6+ Kh7 46.Be4 Rxd2+ 
47.Kf3 Rxh2 48.a3 Rh3+ 49.Kg2 Rg3+ 50.Kh2 h4 51.Bxf5 gxf5 52.Nc5 Ne2 53.
Rxf5 Rf3 54.Kg2 Rxf4 55.Rxf4 Nxf4+ 56.Kf3 h3 57.Kg3 Kg6 58.a4 Kf7 59.a5 
Ke7 60.a6 Nd5 61.a7 Nb6 62.Kxh3 1/2-1/2